Dovozná náročnosť slovenskej produkcie ďalej rastie

Analýza príčin nízkej exportnej výkonnosti SR. Zvyšovanie dovoznej náročnosti predpokladá zásadné odľahčenie slovenského priemyslu od energeticky náročných odvetví.

Gespeichert in:
Bibliographische Detailangaben
1. Verfasser: Švec, Peter
Format: Buch
Sprache:Slowakisch
Schlagworte:
Tags: Tag hinzufügen
Keine Tags, Fügen Sie das erste Tag hinzu!

MARC

LEADER 00000nam a2200000 4500
001 r030808
005 20230921082034.3
041 0 |a slo 
044 |a SK 
245 1 0 |a Dovozná náročnosť slovenskej produkcie ďalej rastie  |c Peter Švec 
520 |a Analýza príčin nízkej exportnej výkonnosti SR. Zvyšovanie dovoznej náročnosti predpokladá zásadné odľahčenie slovenského priemyslu od energeticky náročných odvetví. 
610 2 0 |a politika zahraničnoobchodná 
610 2 0 |a bilancia obchodná 
610 2 0 |a dovoz 
610 2 0 |a vývoz 
610 2 0 |a výkonnosť 
610 2 0 |a priemysel 
610 2 0 |a náročnosť výroby energetická 
610 2 0 |a Slovensko 
100 1 |a Švec, Peter